| 000 | 00607nam a2200169Ia 4500 | ||
|---|---|---|---|
| 008 | 100122s9999 xx 000 0 und d | ||
| 082 |
_b18403 _a823 |
||
| 100 | _aआपटे ह ना | ||
| 245 | _aकेवळ स्वराज्यासाठी | ||
| 260 |
_bरम्यकथा प्रकाशन _c1960 |
||
| 300 | _a464 | ||
| 520 | _aमाळयावर- गठ्ठा- 4 | ||
| 620 | _aमाळयावर- गठ्ठा- 4 | ||
| 630 | _aकेवळ स्वराज्यासाठी | ||
| 730 | _aकेवळ स्वराज्यासाठी | ||
| 942 | _cBOOK | ||
| 999 |
_c407832 _d407829 |
||